Southville International School and Colleges
Your cart is empty.
  • Cart
  • Lists
    Public lists Eva Luna New books Lux_list list_1
    Your lists Log in to create your own lists
  • Log in to your account
  • Your cookies
  • Search history
Southville International School and Colleges
  • Advanced search
  • Recent comments
  • Most popular
  • Libraries

Log in to your account

Log in with GOOGLE


If you do not have an external account, but do have a local account, you can still log in:

  1. Home
  2. MARC view: Raising an emotionally healthy child when a parent is sick /
Normal view MARC view ISBD view

Raising an emotionally healthy child when a parent is sick / (Record no. 305482)

[ view plain ]
MARC details
000 -LEADER
fixed length control field 00806nam a2200277Ia 4500
008 - FIXED-LENGTH DATA ELEMENTS--GENERAL INFORMATION
fixed length control field 170203s9999 xx 000 0 und d
020 ## - INTERNATIONAL STANDARD BOOK NUMBER
International Standard Book Number 9780071260336
050 ## - LIBRARY OF CONGRESS CALL NUMBER
Classification number 618.92
050 ## - LIBRARY OF CONGRESS CALL NUMBER
Item number .R241r 2006
100 ## - MAIN ENTRY--PERSONAL NAME
Personal name Rauch, Paula K.
245 ## - TITLE STATEMENT
Title Raising an emotionally healthy child when a parent is sick /
245 ## - TITLE STATEMENT
Statement of responsibility, etc Paula K. Rauch and Anna C. Muriel
260 ## - PUBLICATION, DISTRIBUTION, ETC. (IMPRINT)
Place of publication, distribution, etc New York :
260 ## - PUBLICATION, DISTRIBUTION, ETC. (IMPRINT)
Name of publisher, distributor, etc McGraw-Hill,
260 ## - PUBLICATION, DISTRIBUTION, ETC. (IMPRINT)
Date of publication, distribution, etc c2006.
300 ## - PHYSICAL DESCRIPTION
Extent xxiii, 213 pages :
300 ## - PHYSICAL DESCRIPTION
Other physical details illustrations ;
300 ## - PHYSICAL DESCRIPTION
Dimensions 23 cm.
500 ## - GENERAL NOTE
General note Includes bibliographical references (p. 203-206) and index.
650 ## - SUBJECT ADDED ENTRY--TOPICAL TERM
Topical term or geographic name as entry element Child rearing.
650 ## - SUBJECT ADDED ENTRY--TOPICAL TERM
Topical term or geographic name as entry element Children of sick parents.
650 ## - SUBJECT ADDED ENTRY--TOPICAL TERM
Topical term or geographic name as entry element Parents--Death--
650 ## - SUBJECT ADDED ENTRY--TOPICAL TERM
Topical term or geographic name as entry element Sick--
650 ## - SUBJECT ADDED ENTRY--TOPICAL TERM
General subdivision Family relationships.
650 ## - SUBJECT ADDED ENTRY--TOPICAL TERM
General subdivision Psychological aspects.
Holdings
Withdrawn status Lost status Damaged status Home library Current library Shelving location Date acquired Total Checkouts Full call number Barcode Date last seen Price effective from Koha item type
      Stonyhurst Southville International School (Batangas) Stonyhurst Southville International School (Batangas)   02/03/2017   618.92 .R241r 2006 US-1439 02/03/2017 02/03/2017 Books

Raising an emotionally healthy child when a parent is sick /

APA

Rauch P. K., .Raising an emotionally healthy child when a parent is sick. New York: .

Chicago

Rauch Paula K, .Raising an emotionally healthy child when a parent is sick. New York: .

Harvard

Rauch P. K., .Raising an emotionally healthy child when a parent is sick. New York: .

MLA

Rauch Paula K, .New York: . .

  • Place hold
  • Print
  • Cite
  • Add to your cart (remove)
  • Save record
    BIBTEX Dublin Core MARCXML MARC (non-Unicode/MARC-8) MARC (Unicode/UTF-8) MARC (Unicode/UTF-8, Standard) MODS (XML) RIS
  • More searches
    Search for this title in:
    Other Libraries (WorldCat) Other Databases (Google Scholar) Online Stores (Bookfinder.com) Open Library (openlibrary.org)

Exporting to Dublin Core...

SOUTHVILLE LIBRARY

Southville International School and Colleges Library

1281 Tropical Ave. Cor. Luxembourg St., BF Homes International, Las Pinas City

Tel. No. 8256374 / 252358 Loc. 117/146

Powered by Koha